000
00194nam a22001097a 4500
041
_a
eng
080
_a
80
100
_a
Daum, E.
245
_a
Worterbuch.
650
_a
Reference
999
_c
277790
_d
277790
942
_c
BK